00378nam a2200145Ia 4500003000400000005001700004008004100021040000900062082001700071100002100088245004700109260004900156300000900205650001800214OSt20201125143000.0190216s9999||||xx |||||||||||||| ||und|| coclc a822.3bJON/E aJonson, Benjamin 0aEvery Man In His Humour /cBenjamin Jonson bUniversity Tutorial Prss Ltd,c1965.adelhi: a179p aEnglish Drama